[Event "DVM U14 2022"]
[Site "Kelheim GER"]
[Date "2022.12.27"]
[Round "2"]
[White "Babychev, Mykhailo"]
[Black "Müller, Maximilian"]
[Result "1-0"]
[Termination "normal"]
[Board "7.4"]
[WhiteElo "1393"]
[BlackElo "1089"]
[WhiteClock "01:23:05"]
[BlackClock "01:21:20"]
[WhiteTeam "Hamburger SK von 1830 eV"]
[BlackTeam "Karlsruher SF 1853"]
[PlyCount "69"]
[WhiteFideId "34637273"]
[BlackFideId "34640282"]
[EventCountry "GER"]
[EventRounds "7"]
[EventType "team-swiss"]
[EventDate "2022.12.26"]

1. d4 {[%clk 01:30:58]} d5 {[%clk 01:30:55]} {[%emt 00:00:06]} 2. c4 {[%clk
01:31:18]} {[%emt 00:00:10]} e6 {[%clk 01:31:17]} {[%emt 00:00:07]} 3. Nc3
{[%clk 01:31:36]} {[%emt 00:00:12]} a6 {[%clk 01:31:32]} {[%emt 00:00:14]} 4.
cxd5 {[%clk 01:31:23]} {[%emt 00:00:44]} exd5 {[%clk 01:31:38]} {[%emt
00:00:24]} 5. Bf4 {[%clk 01:31:13]} {[%emt 00:00:40]} Nf6 {[%clk 01:31:32]}
{[%emt 00:00:36]} 6. e3 {[%clk 01:31:03]} {[%emt 00:00:40]} Nc6 {[%clk
01:30:57]} {[%emt 00:01:06]} 7. a3 {[%clk 01:30:39]} {[%emt 00:00:54]} Bd6
{[%clk 01:30:30]} {[%emt 00:00:56]} 8. Bg5 {[%clk 01:30:19]} {[%emt 00:00:51]}
Be7 {[%clk 01:30:40]} {[%emt 00:00:19]} 9. Bd3 {[%clk 01:29:38]} {[%emt
00:01:12]} h6 {[%clk 01:30:04]} {[%emt 00:01:06]} 10. Bh4 {[%clk 01:29:41]}
{[%emt 00:00:27]} O-O {[%clk 01:29:33]} {[%emt 00:01:00]} 11. Nge2 {[%clk
01:29:00]} {[%emt 00:01:12]} Be6 {[%clk 01:28:58]} {[%emt 00:01:04]} 12. Qc2
{[%clk 01:28:47]} {[%emt 00:00:43]} Qd7 {[%clk 01:27:58]} {[%emt 00:01:30]} 13.
Bxf6 {[%clk 01:28:45]} {[%emt 00:00:33]} Bxf6 {[%clk 01:28:15]} {[%emt
00:00:13]} 14. h3 {[%clk 01:29:02]} {[%emt 00:00:13]} g6 {[%clk 01:28:23]}
{[%emt 00:00:21]} 15. O-O-O {[%clk 01:28:54]} {[%emt 00:00:39]} Bg7 {[%clk
01:28:13]} {[%emt 00:00:40]} 16. g4 {[%clk 01:28:51]} {[%emt 00:00:34]} Qe7
{[%clk 01:27:46]} {[%emt 00:00:55]} 17. Nf4 {[%clk 01:28:09]} {[%emt 00:01:13]}
Qd6 {[%clk 01:26:43]} {[%emt 00:01:32]} 18. Rdg1 {[%clk 01:27:30]} {[%emt
00:01:08]} Ne7 {[%clk 01:26:11]} {[%emt 00:01:04]} 19. h4 {[%clk 01:25:34]}
{[%emt 00:02:27]} c6 {[%clk 01:25:13]} {[%emt 00:01:28]} 20. h5 {[%clk
01:25:01]} {[%emt 00:01:03]} g5 {[%clk 01:25:12]} {[%emt 00:00:30]} 21. Nh3
{[%clk 01:24:42]} {[%emt 00:00:50]} Qd7 {[%clk 01:24:07]} {[%emt 00:01:34]} 22.
Qe2 {[%clk 01:24:39]} {[%emt 00:00:33]} Nc8 {[%clk 01:22:33]} {[%emt 00:02:04]}
23. f4 {[%clk 01:24:29]} {[%emt 00:00:41]} gxf4 {[%clk 01:21:47]} {[%emt
00:01:16]} 24. Nxf4 {[%clk 01:24:27]} {[%emt 00:00:32]} Nd6 {[%clk 01:21:42]}
{[%emt 00:00:34]} 25. Nxe6 {[%clk 01:23:49]} {[%emt 00:01:09]} Qxe6 {[%clk
01:21:30]} {[%emt 00:00:42]} 26. g5 {[%clk 01:23:33]} {[%emt 00:00:46]} hxg5
{[%clk 01:21:38]} {[%emt 00:00:21]} 27. Rxg5 {[%clk 01:23:26]} {[%emt
00:00:37]} Qf6 {[%clk 01:21:22]} {[%emt 00:00:46]} 28. Qg4 {[%clk 01:22:38]}
{[%emt 00:01:16]} Kh8 {[%clk 01:21:06]} {[%emt 00:00:49]} 29. h6 {[%clk
01:21:22]} {[%emt 00:01:46]} Bxh6 {[%clk 01:20:57]} {[%emt 00:00:39]} 30. Rxh6
{[%clk 01:21:39]} {[%emt 00:00:13]} Qxh6 {[%clk 01:21:03]} {[%emt 00:00:24]}
31. Rh5 {[%clk 01:21:58]} {[%emt 00:00:11]} Qxh5 {[%clk 01:20:41]} {[%emt
00:00:52]} 32. Qxh5 {[%clk 01:22:21]} {[%emt 00:00:08]} Kg7 {[%clk 01:20:56]}
{[%emt 00:00:14]} 33. Qg5 {[%clk 01:22:28]} {[%emt 00:00:22]} Kh8 {[%clk
01:21:07]} {[%emt 00:00:19]} 34. Qh6 {[%clk 01:22:49]} {[%emt 00:00:09]} Kg8
{[%clk 01:21:20]} {[%emt 00:00:17]} 35. Qh7# {[%clk 01:23:05]} {[%emt
00:00:14]} 1-0

[Event "DVM U14 2022"]
[Site "Kelheim GER"]
[Date "2022.12.27"]
[Round "2"]
[White "Marinin, Georgii"]
[Black "Akladius, Kyrillus"]
[Result "0-1"]
[Termination "normal"]
[Board "8.2"]
[WhiteElo "1425"]
[BlackElo "1245"]
[WhiteClock "00:24:24"]
[BlackClock "00:43:43"]
[WhiteTeam "SV Stuttgart-Wolfbusch 1956 e.V."]
[BlackTeam "Schachklub König Plauen"]
[PlyCount "128"]
[WhiteFideId "34617140"]
[BlackFideId "16267036"]
[EventCountry "GER"]
[EventRounds "7"]
[EventType "team-swiss"]
[EventDate "2022.12.26"]

1. d4 {[%clk 01:30:58]} {[%emt 00:00:02]} f5 {[%clk 01:30:47]} {[%emt
00:00:13]} 2. c4 {[%clk 01:31:18]} {[%emt 00:00:10]} Nf6 {[%clk 01:31:10]}
{[%emt 00:00:06]} 3. Nf3 {[%clk 01:31:32]} {[%emt 00:00:16]} e6 {[%clk
01:31:35]} {[%emt 00:00:06]} 4. Nc3 {[%clk 01:31:40]} {[%emt 00:00:22]} Be7
{[%clk 01:31:57]} {[%emt 00:00:08]} 5. g3 {[%clk 01:31:44]} {[%emt 00:00:27]}
O-O {[%clk 01:32:11]} {[%emt 00:00:15]} 6. Bg2 {[%clk 01:32:10]} {[%emt
00:00:03]} d6 {[%clk 01:31:23]} {[%emt 00:01:19]} 7. O-O {[%clk 01:32:28]}
{[%emt 00:00:12]} Qe8 {[%clk 01:30:11]} {[%emt 00:01:42]} 8. a3 {[%clk
01:31:47]} {[%emt 00:01:11]} Ne4 {[%emt 00:01:49]} 9. Qc2 {[%clk 01:27:13]}
{[%emt 00:05:02]} Nxc3 {[%clk 01:29:06]} {[%emt 00:00:19]} 10. Qxc3 {[%clk
01:26:04]} {[%emt 00:01:38]} Nd7 {[%clk 01:27:31]} {[%emt 00:02:05]} 11. Qc2
{[%clk 01:23:45]} {[%emt 00:02:49]} Nf6 {[%clk 01:27:48]} {[%emt 00:00:13]} 12.
b4 {[%clk 01:22:24]} {[%emt 00:01:51]} Bd7 {[%clk 01:18:46]} {[%emt 00:09:32]}
13. Bb2 {[%clk 01:20:57]} {[%emt 00:01:56]} Ng4 {[%clk 01:11:55]} {[%emt
00:07:20]} 14. h3 {[%clk 01:20:43]} {[%emt 00:00:44]} Nf6 {[%clk 01:10:39]}
{[%emt 00:01:46]} 15. Rfe1 {[%clk 01:03:13]} {[%emt 00:18:00]} Ne4 {[%clk
01:10:27]} {[%emt 00:00:42]} 16. Nd2 {[%clk 01:02:55]} {[%emt 00:00:48]} d5
{[%clk 01:08:32]} {[%emt 00:02:26]} 17. cxd5 {[%clk 01:01:24]} {[%emt
00:02:01]} exd5 {[%clk 01:05:48]} {[%emt 00:03:13]} 18. Nxe4 {[%clk 01:01:41]}
{[%emt 00:00:14]} fxe4 {[%clk 01:06:04]} {[%emt 00:00:12]} 19. Qb3 {[%clk
00:46:07]} {[%emt 00:16:06]} Qf7 {[%clk 01:03:49]} {[%emt 00:02:45]} 20. Rf1
{[%clk 00:44:59]} {[%emt 00:01:38]} Bb5 {[%clk 00:52:56]} {[%emt 00:11:21]} 21.
Rae1 {[%clk 00:41:16]} {[%emt 00:04:15]} Bc4 {[%clk 00:51:52]} {[%emt
00:01:34]} 22. Qc3 {[%clk 00:39:31]} {[%emt 00:02:14]} Bd6 {[%clk 00:50:03]}
{[%emt 00:02:20]} 23. f4 {[%clk 00:33:26]} {[%emt 00:06:35]} Rae8 {[%clk
00:34:49]} {[%emt 00:15:44]} 24. Rf2 {[%clk 00:28:56]} {[%emt 00:05:00]} Qh5
{[%clk 00:28:39]} {[%emt 00:06:40]} 25. g4 {[%clk 00:26:34]} {[%emt 00:02:52]}
Qh4 {[%clk 00:27:19]} {[%emt 00:01:50]} 26. Bc1 {[%clk 00:20:21]} {[%emt
00:06:43]} Rf6 {[%clk 00:16:32]} {[%emt 00:11:14]} 27. Ref1 {[%clk 00:16:29]}
{[%emt 00:04:25]} Ref8 {[%clk 00:16:41]} {[%emt 00:00:21]} 28. Bxe4 {[%clk
00:12:41]} {[%emt 00:04:17]} g5 {[%clk 00:16:37]} {[%emt 00:00:35]} 29. Bf5
{[%clk 00:10:44]} {[%emt 00:02:27]} gxf4 {[%clk 00:15:02]} {[%emt 00:02:04]}
30. Qf3 {[%clk 00:08:55]} {[%emt 00:02:20]} R8f7 {[%clk 00:14:31]} {[%emt
00:01:01]} 31. Rh2 {[%clk 00:05:36]} {[%emt 00:03:49]} Qg3 {[%clk 00:14:35]}
{[%emt 00:00:26]} 32. Qxg3 {[%clk 00:05:52]} {[%emt 00:00:14]} fxg3 {[%clk
00:14:58]} {[%emt 00:00:07]} 33. Rg2 {[%clk 00:06:06]} {[%emt 00:00:15]} Bb5
{[%clk 00:14:38]} {[%emt 00:00:50]} 34. Bf4 {[%clk 00:05:48]} {[%emt 00:00:49]}
Bxf4 {[%clk 00:12:49]} {[%emt 00:02:19]} 35. Rxf4 {[%clk 00:06:17]} {[%emt
00:00:01]} Re7 {[%clk 00:11:33]} {[%emt 00:01:46]} 36. Bxh7 {[%clk 00:05:35]}
{[%emt 00:01:12]} Kg7 {[%clk 00:11:46]} {[%emt 00:00:17]} 37. Rxf6 {[%clk
00:05:38]} {[%emt 00:00:27]} Kxf6 {[%clk 00:12:11]} {[%emt 00:00:05]} 38. Bf5
{[%clk 00:03:04]} {[%emt 00:03:03]} Re3 {[%clk 00:12:22]} {[%emt 00:00:19]} 39.
Kf1 {[%clk 00:00:48]} {[%emt 00:02:47]} Rxa3 {[%clk 00:12:14]} {[%emt
00:00:38]} 40. Ke1 {[%clk 00:00:32]} {[%emt 00:00:46]} Kg5 {[%clk 00:09:31]}
{[%emt 00:03:13]} 41. Bc2 {[%clk 00:00:32]} {[%emt 00:00:29]} Kh4 {[%clk
00:09:15]} {[%emt 00:00:44]} 42. Kd2 {[%clk 00:25:17]} {[%emt 00:05:48]} Kxh3
{[%clk 00:39:07]} {[%emt 00:00:37]} 43. Rg1 {[%clk 00:25:36]} {[%emt 00:00:12]}
Kh2 {[%clk 00:39:27]} {[%emt 00:00:09]} 44. Rc1 {[%clk 00:22:00]} {[%emt
00:04:07]} g2 {[%clk 00:39:39]} {[%emt 00:00:18]} 45. g5 {[%clk 00:22:15]}
{[%emt 00:00:15]} g1=Q {[%clk 00:39:51]} {[%emt 00:00:17]} 46. Rxg1 {[%clk
00:22:40]} {[%emt 00:00:05]} Kxg1 {[%clk 00:40:14]} {[%emt 00:00:06]} 47. Bh7
{[%emt 00:00:18]} Be8 {[%clk 00:40:31]} 48. g6 {[%clk 00:23:32]} {[%emt
00:00:04]} Bxg6 {[%clk 00:40:56]} {[%emt 00:00:05]} 49. Bxg6 {[%clk 00:23:32]}
{[%emt 00:00:30]} Ra4 {[%clk 00:41:11]} {[%emt 00:00:16]} 50. Kc3 {[%clk
00:23:49]} {[%emt 00:00:12]} Kf2 {[%clk 00:41:25]} {[%emt 00:00:16]} 51. Bd3
{[%clk 00:23:51]} {[%emt 00:00:28]} a5 {[%clk 00:41:06]} {[%emt 00:00:50]} 52.
bxa5 {[%clk 00:23:48]} {[%emt 00:00:33]} Rxa5 {[%clk 00:41:31]} {[%emt
00:00:05]} 53. Kb4 {[%clk 00:24:05]} {[%emt 00:00:13]} Ra2 {[%clk 00:41:51]}
{[%emt 00:00:10]} 54. Kc5 {[%clk 00:24:15]} {[%emt 00:00:20]} c6 {[%clk
00:41:50]} {[%emt 00:00:31]} 55. Kb6 {[%clk 00:24:15]} {[%emt 00:00:30]} Rb2
{[%clk 00:42:15]} {[%emt 00:00:04]} 56. Kc5 {[%clk 00:24:40]} {[%emt 00:00:05]}
Ke3 {[%clk 00:42:24]} {[%emt 00:00:21]} 57. Bf5 {[%clk 00:23:27]} {[%emt
00:01:44]} Kxe2 {[%clk 00:42:40]} {[%emt 00:00:13]} 58. Bc8 {[%clk 00:23:48]}
{[%emt 00:00:10]} Ke3 {[%clk 00:42:47]} {[%emt 00:00:23]} 59. Bd7 {[%clk
00:23:05]} {[%emt 00:01:13]} Rb5 {[%clk 00:42:33]} {[%emt 00:00:43]} 60. Kd6
{[%clk 00:23:22]} {[%emt 00:00:14]} Kxd4 {[%clk 00:42:55]} {[%emt 00:00:07]}
61. Bg4 {[%clk 00:23:29]} {[%emt 00:00:22]} c5 {[%clk 00:42:59]} {[%emt
00:00:27]} 62. Bf3 {[%clk 00:23:45]} {[%emt 00:00:14]} c4 {[%clk 00:43:18]}
{[%emt 00:00:12]} 63. Be2 {[%clk 00:24:04]} {[%emt 00:00:11]} Rb2 {[%clk
00:43:22]} {[%emt 00:00:25]} 64. Bf3 {[%clk 00:24:24]} {[%emt 00:00:11]} c3
{[%clk 00:43:43]} {[%emt 00:00:09]} 0-1

[Event "DVM U14 2022"]
[Site "Kelheim GER"]
[Date "2022.12.27"]
[Round "2"]
[White "Rühmer, Nico"]
[Black "Friedrich, Timofej"]
[Result "0-1"]
[Termination "normal"]
[Board "8.3"]
[WhiteElo "1391"]
[BlackElo "1461"]
[WhiteClock "00:37:11"]
[BlackClock "00:30:09"]
[WhiteTeam "Schachklub König Plauen"]
[BlackTeam "SV Stuttgart-Wolfbusch 1956 e.V."]
[PlyCount "65"]
[WhiteFideId "34640339"]
[BlackFideId "34617191"]
[EventCountry "GER"]
[EventRounds "7"]
[EventType "team-swiss"]
[EventDate "2022.12.26"]

1. e4 {[%clk 01:31:00]} {[%emt 00:00:01]} c6 {[%clk 01:31:13]} {[%emt
00:00:17]} 2. d4 {[%clk 01:31:09]} {[%emt 00:00:19]} d5 {[%clk 01:31:28]}
{[%emt 00:00:16]} 3. exd5 {[%clk 01:30:48]} {[%emt 00:00:51]} cxd5 {[%clk
01:31:43]} {[%emt 00:00:15]} 4. c4 {[%clk 01:29:09]} {[%emt 00:02:09]} e6
{[%clk 01:31:30]} {[%emt 00:00:43]} 5. Nc3 {[%clk 01:28:27]} {[%emt 00:01:12]}
Nf6 {[%clk 01:30:19]} {[%emt 00:01:41]} 6. Bg5 {[%clk 01:27:56]} {[%emt
00:01:00]} Be7 {[%clk 01:29:55]} {[%emt 00:00:55]} 7. Nf3 {[%clk 01:27:09]}
{[%emt 00:01:17]} Nc6 {[%clk 01:28:30]} {[%emt 00:01:56]} 8. cxd5 {[%clk
01:23:52]} {[%emt 00:03:46]} Nxd5 {[%clk 01:27:10]} {[%emt 00:01:50]} 9. Bxe7
{[%clk 01:22:49]} {[%emt 00:01:33]} Qxe7 {[%clk 01:26:51]} {[%emt 00:00:49]}
10. Bb5 {[%clk 01:22:26]} {[%emt 00:00:52]} Bd7 {[%clk 01:22:39]} {[%emt
00:04:43]} 11. O-O {[%clk 01:22:06]} {[%emt 00:00:50]} Nxc3 {[%clk 01:22:02]}
{[%emt 00:01:07]} 12. bxc3 {[%clk 01:22:03]} {[%emt 00:00:32]} a6 {[%clk
01:21:40]} {[%emt 00:00:53]} 13. Bd3 {[%clk 01:22:15]} {[%emt 00:00:18]} O-O
{[%clk 01:21:17]} {[%emt 00:00:53]} 14. Qc2 {[%clk 01:22:21]} {[%emt 00:00:23]}
h6 {[%clk 01:20:40]} {[%emt 00:01:08]} 15. Rab1 {[%clk 01:22:30]} {[%emt
00:00:21]} b5 {[%clk 01:19:16]} {[%emt 00:01:55]} 16. Rfe1 {[%clk 01:21:36]}
{[%emt 00:01:22]} Rac8 {[%clk 01:16:46]} {[%emt 00:03:00]} 17. a4 {[%clk
01:17:00]} {[%emt 00:05:06]} bxa4 {[%clk 01:14:00]} {[%emt 00:03:17]} 18. Bxa6
{[%clk 01:16:33]} {[%emt 00:00:57]} Nb4 {[%clk 01:13:53]} {[%emt 00:00:38]} 19.
Rxb4 {[%clk 01:13:16]} {[%emt 00:03:45]} Qxb4 {[%clk 01:14:03]} {[%emt
00:00:21]} 20. Bxc8 {[%emt 00:00:13]} Rxc8 {[%clk 01:14:07]} {[%emt 00:00:23]}
21. Rc1 {[%clk 01:13:07]} {[%emt 00:00:58]} Qb3 {[%clk 01:12:01]} {[%emt
00:02:38]} 22. Ne5 {[%clk 01:08:18]} {[%emt 00:05:18]} Bb5 {[%clk 01:09:34]}
{[%emt 00:02:57]} 23. c4 {[%clk 01:02:22]} {[%emt 00:06:26]} f6 {[%clk
01:07:40]} {[%emt 00:02:24]} 24. Qg6 {[%clk 00:56:06]} {[%emt 00:06:46]} Be8
{[%clk 00:48:33]} {[%emt 00:19:38]} 25. Qg4 {[%clk 00:56:13]} {[%emt 00:00:22]}
Bf7 {[%emt 00:02:48]} 26. Nxf7 {[%clk 00:55:15]} {[%emt 00:00:09]} Kxf7 {[%clk
00:47:51]} {[%emt 00:00:13]} 27. d5 {[%clk 00:54:53]} {[%emt 00:00:51]} Re8
{[%clk 00:40:01]} {[%emt 00:08:21]} 28. d6 {[%clk 00:45:51]} {[%emt 00:09:31]}
Rd8 {[%clk 00:36:47]} {[%emt 00:03:45]} 29. c5 {[%clk 00:44:54]} {[%emt
00:01:27]} Qb5 {[%clk 00:32:03]} {[%emt 00:05:14]} 30. c6 {[%clk 00:42:32]}
{[%emt 00:02:52]} Rxd6 {[%clk 00:29:48]} {[%emt 00:02:45]} 31. c7 {[%clk
00:42:17]} {[%emt 00:00:44]} Rc6 {[%clk 00:29:53]} {[%emt 00:00:26]} 32. c8=Q
{[%clk 00:42:41]} {[%emt 00:00:06]} Rxc8 {[%clk 00:30:09]} {[%emt 00:00:14]}
33. Rxc8 {[%clk 00:37:11]} {[%emt 00:06:05]} 0-1

[Event "DVM U14 2022"]
[Site "Kelheim GER"]
[Date "2022.12.27"]
[Round "2"]
[White "Schimann, Kirill"]
[Black "da Costa Silva, Pepe"]
[Result "1-0"]
[Termination "normal"]
[Board "8.4"]
[WhiteElo "1363"]
[BlackElo "1103"]
[WhiteClock "01:00:06"]
[BlackClock "00:49:08"]
[WhiteTeam "SV Stuttgart-Wolfbusch 1956 e.V."]
[BlackTeam "Schachklub König Plauen"]
[PlyCount "89"]
[WhiteFideId "16296338"]
[BlackFideId "16282000"]
[EventCountry "GER"]
[EventRounds "7"]
[EventType "team-swiss"]
[EventDate "2022.12.26"]

1. d4 {[%clk 01:30:57]} {[%emt 00:00:02]} Nf6 {[%clk 01:30:55]} {[%emt
00:00:05]} 2. Bf4 {[%clk 01:31:17]} {[%emt 00:00:10]} g6 {[%clk 01:30:57]}
{[%emt 00:00:29]} 3. e3 {[%clk 01:31:41]} {[%emt 00:00:06]} Bg7 {[%clk
01:31:10]} {[%emt 00:00:17]} 4. h3 {[%clk 01:32:05]} {[%emt 00:00:06]} d6
{[%clk 01:30:54]} {[%emt 00:00:45]} 5. Nf3 {[%clk 01:32:23]} {[%emt 00:00:12]}
Bf5 {[%clk 01:30:41]} {[%emt 00:00:43]} 6. Bd3 {[%clk 01:32:24]} {[%emt
00:00:28]} Bxd3 {[%clk 01:30:22]} {[%emt 00:00:51]} 7. Qxd3 {[%clk 01:32:27]}
{[%emt 00:00:24]} Nbd7 {[%clk 01:29:54]} {[%emt 00:01:01]} 8. O-O {[%clk
01:32:30]} {[%emt 00:00:26]} O-O {[%clk 01:30:09]} {[%emt 00:00:16]} 9. Nbd2
{[%clk 01:32:21]} {[%emt 00:00:39]} c5 {[%clk 01:28:55]} {[%emt 00:01:43]} 10.
c3 {[%clk 01:32:21]} {[%emt 00:00:31]} Qb6 {[%clk 01:28:01]} {[%emt 00:01:19]}
11. Qc2 {[%clk 01:31:38]} {[%emt 00:01:16]} Rac8 {[%clk 01:27:39]} {[%emt
00:00:52]} 12. Qb3 {[%clk 01:28:09]} {[%emt 00:04:01]} Qxb3 {[%clk 01:26:01]}
{[%emt 00:02:07]} 13. Nxb3 {[%clk 01:28:15]} {[%emt 00:00:23]} b6 {[%clk
01:25:37]} {[%emt 00:00:54]} 14. Rac1 {[%clk 01:27:38]} {[%emt 00:01:08]} c4
{[%clk 01:23:19]} {[%emt 00:02:49]} 15. Nbd2 {[%clk 01:26:56]} {[%emt
00:01:12]} Nd5 {[%clk 01:21:16]} {[%emt 00:02:32]} 16. Bh2 {[%clk 01:27:04]}
{[%emt 00:00:22]} Bh6 {[%clk 01:20:00]} {[%emt 00:01:46]} 17. Rfe1 {[%clk
01:26:18]} {[%emt 00:01:16]} b5 {[%clk 01:18:24]} {[%emt 00:02:06]} 18. a3
{[%clk 01:23:29]} {[%emt 00:03:18]} N5b6 {[%clk 01:15:44]} {[%emt 00:03:09]}
19. Rc2 {[%clk 01:17:56]} {[%emt 00:06:04]} d5 {[%clk 01:12:42]} {[%emt
00:03:33]} 20. e4 {[%clk 01:16:17]} {[%emt 00:02:08]} e6 {[%clk 01:11:43]}
{[%emt 00:01:30]} 21. exd5 {[%clk 01:14:21]} {[%emt 00:02:26]} exd5 {[%clk
01:09:11]} {[%emt 00:03:02]} 22. Ne5 {[%clk 01:11:33]} {[%emt 00:03:16]} Rfe8
{[%clk 01:08:21]} {[%emt 00:01:22]} 23. Ndf3 {[%clk 01:10:08]} {[%emt
00:01:53]} Nxe5 {[%clk 01:05:42]} {[%emt 00:03:11]} 24. Rxe5 {[%clk 01:09:02]}
{[%emt 00:01:36]} Rxe5 {[%clk 01:05:04]} {[%emt 00:01:08]} 25. Nxe5 {[%clk
01:08:52]} {[%emt 00:00:40]} Re8 {[%clk 01:04:22]} {[%emt 00:01:12]} 26. Kf1
{[%clk 01:08:19]} {[%emt 00:01:03]} a6 {[%clk 01:01:51]} {[%emt 00:03:01]} 27.
Nc6 {[%clk 01:07:10]} {[%emt 00:01:37]} Ra8 {[%clk 01:00:03]} {[%emt 00:02:12]}
28. Bc7 {[%clk 01:04:23]} {[%emt 00:03:22]} Rc8 {[%clk 00:59:02]} {[%emt
00:01:33]} 29. Ne7 {[%clk 01:04:33]} {[%emt 00:00:21]} Kf8 {[%clk 00:58:18]}
{[%emt 00:01:14]} 30. Nxc8 {[%clk 01:03:57]} {[%emt 00:01:06]} Nxc8 {[%clk
00:58:38]} {[%emt 00:00:10]} 31. Re2 {[%clk 01:03:55]} {[%emt 00:00:32]} Bg7
{[%clk 00:57:46]} {[%emt 00:01:22]} 32. Be5 {[%clk 01:03:13]} {[%emt 00:01:10]}
Bxe5 {[%clk 00:56:58]} {[%emt 00:01:20]} 33. Rxe5 {[%clk 01:03:09]} {[%emt
00:00:33]} Ne7 {[%clk 00:56:05]} {[%emt 00:01:24]} 34. Ke2 {[%clk 01:03:26]}
{[%emt 00:00:12]} Ke8 {[%clk 00:54:15]} {[%emt 00:02:20]} 35. g4 {[%clk
01:02:53]} {[%emt 00:01:03]} Kd7 {[%clk 00:54:20]} {[%emt 00:00:25]} 36. h4
{[%clk 01:01:51]} {[%emt 00:01:32]} Kd6 {[%clk 00:53:52]} {[%emt 00:00:58]} 37.
Kd2 {[%clk 01:01:07]} {[%emt 00:01:14]} Nc6 {[%clk 00:53:05]} {[%emt 00:01:11]}
38. Re8 {[%clk 01:00:15]} {[%emt 00:01:26]} a5 {[%clk 00:52:59]} {[%emt
00:00:39]} 39. Rh8 {[%clk 01:00:00]} {[%emt 00:00:43]} b4 {[%clk 00:52:38]}
{[%emt 00:00:52]} 40. axb4 {[%clk 00:59:51]} {[%emt 00:00:39]} axb4 {[%clk
00:52:54]} {[%emt 00:00:14]} 41. Rxh7 {[%clk 01:00:09]} {[%emt 00:00:12]} bxc3
{[%clk 00:52:23]} {[%emt 00:01:01]} 42. bxc3 {[%clk 01:00:29]} {[%emt
00:00:10]} Ke6 {[%clk 00:52:14]} {[%emt 00:00:38]} 43. h5 {[%clk 00:59:42]}
{[%emt 00:01:17]} gxh5 {[%clk 00:49:57]} {[%emt 00:02:47]} 44. gxh5 {[%clk
00:59:48]} {[%emt 00:00:25]} Kf6 {[%clk 00:49:08]} {[%emt 00:01:18]} 45. Rh6
{[%clk 01:00:06]} {[%emt 00:00:14]} 1-0